Skanska shows commercial acumen (Record no. 79528)

MARC details
000 -LEADER
fixed length control field 00816cab a22001935a 4500
001 - CONTROL NUMBER
control field L141587
008 - FIXED-LENGTH DATA ELEMENTS--GENERAL INFORMATION
fixed length control field 071203e20071121xxkd f 000 0 eng d
035 ## - SYSTEM CONTROL NUMBER
System control number (Sirsi) u141587
041 0# - LANGUAGE CODE
Language code of text/sound track or separate title eng
100 1# - MAIN ENTRY--PERSONAL NAME
Personal name McCormick, Helen
245 00 - TITLE STATEMENT
Title Skanska shows commercial acumen
260 ## - PUBLICATION, DISTRIBUTION, ETC.
Date of publication, distribution, etc. 2007
490 #0 - SERIES STATEMENT
Series statement Contract Journal
Volume/sequential designation 440(6652) 21 November 2007, 8-9(2)
520 ## - SUMMARY, ETC.
Summary, etc. Skanska topped the new work winners monthly league table for October 2007, with Bovis Lend Lease in second place and Balfour Beatty in third. Balfour Beatty remained at the top of the new work winners table for the past 12 months. New construction orders reached nearly £2.8bn in October, the highest level since July.
590 ## - LOCAL NOTE (RLIN)
Local note KA
651 #4 - SUBJECT ADDED ENTRY--GEOGRAPHIC NAME
Geographic name Great Britain
Chronological subdivision 1707-
690 ## - LOCAL SUBJECT ADDED ENTRY--TOPICAL TERM (OCLC, RLIN)
Topical term or geographic name as entry element BUILT ENVIRONMENT-CONSTRUCTION MARKET
942 ## - ADDED ENTRY ELEMENTS (KOHA)
Suppress in OPAC 0
Holdings
Withdrawn status Lost status Source of classification or shelving scheme Damaged status Not for loan Home library Current library Shelving location Date acquired Total Checkouts Full call number Barcode Date last seen Copy number Price effective from Koha item type
    Dewey Decimal Classification     London London Journal article 03/12/2007   L141587 141587-1001 06/08/2019 1 06/08/2019 Journal article